000 00384nam a2200145 i 4500
001 bg
245 0 _aBibliografia Pomorza Zachodniego /
_coprac. Cecylia Gałczyńska. T.3: 1957-1959.
260 _aSzczecin,
_c1965.
700 1 _aGałczyńska, Cecylia.
_eOprac.
040 _cBPK
041 _apol
080 _a016(438)
942 _cKS
008 s pl f |000 0 pol
999 _c14271
_d14271
856 _uhttp://koha.tu.koszalin.pl/cgi-bin/koha/opac-detail.pl?biblionumber=14271
_yKatalog online BPK